Những bí ẩn thế giới chưa giải đáp được : Bí ẩn về vũ trụ

Wedi'i Gadw mewn:
Manylion Llyfryddiaeth
Prif Awdur: Vương, Châu Hiền
Fformat: Llyfr
Iaith:Undetermined
Cyhoeddwyd: Hà Nội Nhà xuất bản Hà Nội 2004
Pynciau:
Tagiau: Ychwanegu Tag
Dim Tagiau, Byddwch y cyntaf i dagio'r cofnod hwn!
Thư viện lưu trữ: Trung tâm Học liệu Trường Đại học Cần Thơ
LEADER 00674nam a2200205Ia 4500
001 CTU_64771
008 210402s9999 xx 000 0 und d
020 |c 34000 
082 |a 523.12 
082 |b H305 
100 |a Vương, Châu Hiền 
245 0 |a Những bí ẩn thế giới chưa giải đáp được : 
245 0 |b Bí ẩn về vũ trụ 
245 0 |c Vương Châu Hiền; Hà Sơn và Huyền Tuấn biên dịch 
260 |a Hà Nội 
260 |b Nhà xuất bản Hà Nội 
260 |c 2004 
650 |a Astronomy 
904 |i Minh,Hải 
980 |a Trung tâm Học liệu Trường Đại học Cần Thơ